000
00344pam a2200157a 44500
008
230515b1979 xxu||||| |||| 00| 0 eng d
020
_a
NULL
041
_a
ENGLISH
082
_a
630
100
_a
PERELMAN YA I
245
_a
ALGEBRA CAN BE FUN
250
_a
0
260
_a
MOSCOW
_b
MIR PUBLISHERS
_c
1979
300
_a
227
650
_a
NULL
999
_c
651325
_d
651325